Animaux Orthographe (Singulier) - Statistiques

Statistiques générales
  • Ce quiz a été pris 91 fois
  • Le résultat moyen est 44 sur 45
Statistiques - réponses
Question Tuile Select % Correct
Clique sur la bonne orthographe ! Axolod Non
100%
Clique sur la bonne orthographe ! Cheuval Non
100%
Clique sur la bonne orthographe ! Cheuvale Non
100%
Clique sur la bonne orthographe ! Cheva Non
100%
Clique sur la bonne orthographe ! Cheval Oui
100%
Clique sur la bonne orthographe ! Chevale Non
100%
Clique sur la bonne orthographe ! Chevall Non
100%
Clique sur la bonne orthographe ! Chevals Non
100%
Clique sur la bonne orthographe ! Montou Non
100%
Clique sur la bonne orthographe ! Moueton Non
100%
Clique sur la bonne orthographe ! Mouton Oui
100%
Clique sur la bonne orthographe ! Moutond Non
100%
Clique sur la bonne orthographe ! Moutonn Non
100%
Clique sur la bonne orthographe ! Moutonnn Non
100%
Clique sur la bonne orthographe ! Moutont Non
100%
Clique sur la bonne orthographe ! Moutonx Non
100%
Clique sur la bonne orthographe ! Raat Non
100%
Clique sur la bonne orthographe ! Rad Non
100%
Clique sur la bonne orthographe ! Ras Non
100%
Clique sur la bonne orthographe ! Rat Oui
100%
Clique sur la bonne orthographe ! Ratt Non
100%
Clique sur la bonne orthographe ! Ratx Non
100%
Clique sur la bonne orthographe ! Rax Non
100%
Clique sur la bonne orthographe ! Raz Non
100%
Clique sur la bonne orthographe ! Toretue Non
100%
Clique sur la bonne orthographe ! Torttu Non
100%
Clique sur la bonne orthographe ! Torttue Non
100%
Clique sur la bonne orthographe ! Tortu Non
100%
Clique sur la bonne orthographe ! Tortud Non
100%
Clique sur la bonne orthographe ! Tortue Oui
100%
Clique sur la bonne orthographe ! Tortut Non
100%
Clique sur la bonne orthographe ! Tortux Non
100%
Clique sur la bonne orthographe ! Axolotls Non
99%
Clique sur la bonne orthographe ! Chevval Non
99%
Clique sur la bonne orthographe ! Tortues Non
97%
Clique sur la bonne orthographe ! Chevaux Non
96%
Clique sur la bonne orthographe ! Rats Non
96%
Clique sur la bonne orthographe ! Axolo Non
95%
Clique sur la bonne orthographe ! Moutons Non
95%
Clique sur la bonne orthographe ! Axollot Non
93%
Clique sur la bonne orthographe ! Axolotle Non
93%
Clique sur la bonne orthographe ! Axolott Non
92%
Clique sur la bonne orthographe ! Axolot Non
89%
Clique sur la bonne orthographe ! Axolote Non
89%
Clique sur la bonne orthographe ! Axolotl Oui
53%
Aucun quiz correspondant
Distribution des résultats
% des personnes avec chaque résultat
Percentile par nombre de réponses
Votre historique - résultats
Vous n’avez pas pris ce quiz